[Event "Druzynowe Mistrzostwa Polski Juniorow - Ekstraliga"]
[Site "Centrum Wypoczynkowo-Szkoleniowe Gwarek, Ustron"]
[Date "1899-12-30"]
[Round "7.11"]
[White "Dadello, Aleksandra"]
[Black "Burakowska, Gabriela"]
[Result "1/2-1/2"]
[WhiteTitle "I++"]
[BlackTitle "I++"]
[WhiteElo "2068"]
[BlackElo "1785"]

1. e4 c5 2. Nf3 e6 3. d4 cxd4 4. Nxd4 a6 5. Bd3 Qc7 6. O-O Nc6 7. Nxc6 dxc6 8.
a4 a5 9. Be3 e5 10. Nd2 Nf6 11. Nc4 Be6 12. Bb6 Qb8 13. Qe1 Bb4 14. c3 Be7 15.
Be3 Nd7 16. b4 axb4 17. cxb4 O-O 18. Kh1 f5 19. exf5 Bxf5 20. Bxf5 Rxf5 21. Bd2
Qf8 22. Bc3 Qf7 23. Qe2 Rf8 24. f3 Qe6 25. Rfe1 Bh4 26. Red1 Rf4 27. Nd6 Be7 28.
Nxb7 Bxb4 29. Bxb4 Rxb4 30. Nd6 Nc5 31. a5 Nb3 32. Qe1 Rd4 33. Rxd4 Nxd4 34. Ne4
Nc2 35. Qc3 Nxa1 36. Qxa1 Ra8 37. h3 Qd5 38. a6 h6 39. Kh2 c5 40. Qa5 Kh7 1/2-1/2

[Event "Druzynowe Mistrzostwa Polski Juniorow - Ekstraliga"]
[Site "Centrum Wypoczynkowo-Szkoleniowe Gwarek, Ustron"]
[Date "1899-12-30"]
[Round "7.12"]
[White "Kalinowska, Zuzanna"]
[Black "Dwilewicz, Agata"]
[Result "1-0"]
[WhiteTitle "k"]
[BlackTitle "I"]
[WhiteElo "1913"]
[BlackElo "1659"]

1. d4 f5 2. Nf3 Nf6 3. e3 e6 4. Bd3 b6 5. O-O Bb7 6. c4 Be7 7. b3 O-O 8. Bb2 d6
9. Nc3 Nbd7 10. Ng5 g6 11. Nxe6 Qc8 12. Nxf8 Nxf8 13. Qc2 Ne6 14. d5 Nc5 15. e4
f4 16. b4 Ncd7 17. Ne2 Nh5 18. Nd4 Bf6 19. Be2 Ng7 20. Bg4 Be5 21. Ne6 Nxe6 22.
Bxe6+ Kf8 23. Bxe5 dxe5 24. Qc3 Qd8 25. Bxd7 Qxd7 26. Qxe5 Qf7 27. c5 Re8 28.
Qh8+ Ke7 29. Qd4 Bc8 30. d6+ Kd7 31. Rac1 c6 32. cxb6 axb6 33. Qxb6 1-0

[Event "Druzynowe Mistrzostwa Polski Juniorow - Ekstraliga"]
[Site "Centrum Wypoczynkowo-Szkoleniowe Gwarek, Ustron"]
[Date "1899-12-30"]
[Round "7.13"]
[White "Wisniewski, Michal"]
[Black "Chomczyk, Marek"]
[Result "1-0"]
[WhiteTitle "k"]
[BlackTitle "k"]
[WhiteElo "2140"]
[BlackElo "2165"]

1. e4 e5 2. Nf3 Nc6 3. d4 exd4 4. Nxd4 Bb4+ 5. c3 Bc5 6. Be3 Bb6 7. Nf5 g6 8. Bxb6
axb6 9. Ne3 Nf6 10. f3 O-O 11. c4 d6 12. Nc3 Nh5 13. Qd2 Ng7 14. O-O-O f5 15.
Kb1 Be6 16. exf5 Nxf5 17. Ned5 Nfd4 18. Qe3 Bf5+ 19. Bd3 Kg7 20. Be4 Bxe4+ 21.
Nxe4 Ne6 22. Qc3+ Ne5 23. Nxb6 Ra5 24. Nd5 Qa8 25. a3 Ra4 26. Ne3 Qa5 27. Qc2
b5 28. Rd5 Qa7 29. cxb5 Rxe4 30. Qxe4 Rf4 31. Rxe5 Rxe4 32. Rxe4 Ng5 33. Re7+
Kf8 34. Nd5 Qc5 35. Rd1 Qxb5 36. Rxc7 Ne6 37. Rc2 Nc5 38. Nc3 Qb6 39. Rcd2 Nb3
40. Rxd6 Qf2 41. Ka2 Qc2 42. Ne2 Qc4 43. Nc3 Na5+ 44. Kb1 Qb3 45. Rd8+ Kg7 46.
R8d7+ Kh6 47. R1d4 Nc4 48. Rh4+ Kg5 49. Ne4+ Kf5 50. Rd5+ Ne5 51. Nc3 1-0

[Event "Druzynowe Mistrzostwa Polski Juniorow - Ekstraliga"]
[Site "Centrum Wypoczynkowo-Szkoleniowe Gwarek, Ustron"]
[Date "1899-12-30"]
[Round "7.14"]
[White "Nowak, Lukasz"]
[Black "Kowalczyk, Mariusz"]
[Result "1/2-1/2"]
[WhiteTitle "k"]
[BlackTitle "I++"]
[WhiteElo "2116"]
[BlackElo "2174"]

1. e4 e5 2. Nf3 Nc6 3. Bb5 a6 4. Ba4 Nf6 5. O-O Be7 6. Re1 b5 7. Bb3 d6 8. c3 O-O
9. h3 Nd7 10. d4 Bf6 11. a4 Bb7 12. d5 Na5 13. Bc2 Be7 14. Na3 c6 15. b4 Nc4 16.
Nxc4 bxc4 17. dxc6 Bxc6 18. Qe2 Rc8 19. Qxc4 Bxa4 20. Qe2 Bxc2 21. Qxc2 Rc6 22.
Bd2 Qc8 23. Qd3 Rc4 24. Nh2 f5 25. exf5 Nf6 26. Nf1 e4 27. Qb1 g6 28. Ne3 Rc6
29. Qb3+ Kg7 30. fxg6 hxg6 31. Nd5 Re8 32. c4 Qf5 33. Bc3 Kf8 34. Bb2 Rec8 35.
b5 Rxc4 36. Ne3 Qxb5 37. Qxb5 axb5 38. Nxc4 bxc4 39. Bd4 d5 40. Kf1 Kf7 41. Reb1
Rc6 42. Ke2 Nd7 43. Rb7 Ke6 44. Raa7 Bc5 45. Bxc5 Nxc5 46. Rc7 Rxc7 47. Rxc7 Nb3
48. f3 Nd4+ 49. Ke3 Nf5+ 50. Ke2 Ke5 51. fxe4 Kxe4 52. Kd2 g5 53. Kc3 d4+ 54.
Kxc4 Ne3+ 55. Kc5 Nxg2 56. Rg7 d3 57. Rxg5 d2 58. Rd5 Ke3 59. Kc4 Ke2 60. Kc3
1/2-1/2

[Event "Druzynowe Mistrzostwa Polski Juniorow - Ekstraliga"]
[Site "Centrum Wypoczynkowo-Szkoleniowe Gwarek, Ustron"]
[Date "1899-12-30"]
[Round "7.15"]
[White "Pultorak, Jan"]
[Black "Kowalski, Igor"]
[Result "1/2-1/2"]
[WhiteTitle "I"]
[BlackTitle "k"]
[WhiteElo "2126"]
[BlackElo "2146"]

1. d4 d5 2. c4 c6 3. Nc3 Nf6 4. Nf3 a6 5. c5 g6 6. Bf4 Bg7 7. h3 O-O 8. e3 b5 9.
cxb6 Qxb6 10. Qd2 Qa5 11. Bd3 c5 12. dxc5 Nc6 13. Rc1 Qxc5 14. Na4 Qb4 15. Qxb4
Nxb4 16. Bb1 Bf5 17. Bxf5 gxf5 18. Ke2 Nxa2 19. Rc7 Rfc8 20. Nd4 Nh5 21. Rxc8+
Rxc8 22. Nxf5 Nxf4+ 23. exf4 Rc4 24. Nb6 Rc2+ 25. Ke3 e6 26. Nxg7 Kxg7 27. Na4
d4+ 28. Kxd4 Rxf2 29. g3 Rf3 30. Kc4 a5 31. Kb5 Rb3+ 32. Kxa5 Nb4 33. Rc1 Nd5
34. f5 e5 35. Rc5 Rd3 36. Nb6 Nxb6 37. Kxb6 e4 38. Re5 Rb3+ 39. Kc5 Rxb2 40. Rxe4
Rb3 41. Rg4+ 1/2-1/2

[Event "Druzynowe Mistrzostwa Polski Juniorow - Ekstraliga"]
[Site "Centrum Wypoczynkowo-Szkoleniowe Gwarek, Ustron"]
[Date "1899-12-30"]
[Round "7.16"]
[White "Pacan-milej, Kosma"]
[Black "Paliszewski, Dominik"]
[Result "1/2-1/2"]
[WhiteTitle "I"]
[BlackTitle "II+"]
[WhiteElo "1851"]
[BlackElo "1560"]

1. d4 Nf6 2. c4 e6 3. Nf3 b6 4. g3 Bb7 5. Bg2 Bb4+ 6. Bd2 Qe7 7. O-O Bxd2 8. Qxd2
Ne4 9. Qc2 f5 10. Nfd2 Nc6 11. Nxe4 Nb4 12. Qd1 fxe4 13. a3 Nc6 14. Bxe4 a5 15.
Nc3 O-O-O 16. Rc1 d6 17. d5 Ne5 18. Nb5 h5 19. Nd4 Rdg8 20. Qc2 h4 21. dxe6 hxg3
22. Bxb7+ Kxb7 23. fxg3 Kb8 24. Qe4 Qg5 25. e7 Re8 26. Qf4 Qxe7 27. Qxe5 Qxe5
28. Nc6+ Kb7 29. Nxe5 Rxe5 30. Rc2 Rhe8 31. Rf2 Kc6 32. h4 Kc5 33. Kg2 g6 34.
Kh3 Re4 35. Rf7 c6 36. Rf6 Rxe2 37. Rxe2 Rxe2 38. Rxg6 d5 39. cxd5 cxd5 40. b4+
axb4 41. axb4+ Kxb4 42. Rxb6+ Kc5 43. Rb8 d4 44. Rd8 Kc4 45. h5 d3 46. g4 d2 47.
Kh4 Kc3 48. h6 Re1 49. Kh5 d1=Q 50. Rxd1 Rxd1 51. g5 Kd4 52. h7 Rh1+ 53. Kg6 Ke5
54. Kg7 Kf5 55. h8=Q Rxh8 56. Kxh8 Kxg5 1/2-1/2

[Event "Druzynowe Mistrzostwa Polski Juniorow - Ekstraliga"]
[Site "Centrum Wypoczynkowo-Szkoleniowe Gwarek, Ustron"]
[Date "1899-12-30"]
[Round "7.17"]
[White "Kopica, Paulina"]
[Black "Pastuszko, Kinga"]
[Result "1/2-1/2"]
[WhiteTitle "I++"]
[BlackTitle "k"]
[WhiteElo "1788"]
[BlackElo "1877"]

1. e4 c5 2. Nf3 d6 3. d4 cxd4 4. Nxd4 Nf6 5. Nc3 a6 6. Be2 e5 7. Nb3 Be7 8. Be3
Be6 9. O-O O-O 10. Qd2 Nbd7 11. a4 Rc8 12. a5 Qc7 13. Rfc1 Qc6 14. Bf3 Rfd8 15.
Nd5 Bxd5 16. exd5 Qc4 17. Qd3 Qxd3 18. cxd3 Ne8 19. Rc4 Rxc4 20. dxc4 Rc8 21.
Rc1 f5 22. Be2 Nc5 23. Nxc5 dxc5 24. f3 Nd6 25. b4 Ne8 26. Kf1 cxb4 27. c5 f4
28. Bf2 Nf6 29. d6 Bxd6 30. Bc4+ Kf8 31. cxd6 b3 32. Rb1 Rxc4 33. Rxb3 Rc1+ 34.
Be1 Nd7 35. Rxb7 Nc5 36. Rc7 Nd3 37. Rxc1 Nxc1 38. Bc3 Nb3 39. Ke2 Kf7 40. Kd3
Ke6 41. Kc4 Nd4 42. Kc5 Nb5 43. d7 Kxd7 44. Bxe5 g5 45. Kb6 h5 46. h4 gxh4 47.
Bxf4 h3 48. gxh3 Nd4 49. Kxa6 Kc6 50. Ka7 Kb5 51. a6 Nc6+ 52. Kb7 Na5+ 53. Kc7
Kxa6 54. Kd6 Kb5 55. Ke6 Nc6 56. Be3 Kc4 57. f4 Kd3 58. Bb6 Ke4 59. f5 Ne5 60.
Bd8 Nf3 61. f6 Ng5+ 62. Kd7 h4 63. Ke8 Kf3 64. f7 Nxf7 65. Kxf7 Kg2 66. Bxh4 1/2-1/2

[Event "Druzynowe Mistrzostwa Polski Juniorow - Ekstraliga"]
[Site "Centrum Wypoczynkowo-Szkoleniowe Gwarek, Ustron"]
[Date "1899-12-30"]
[Round "7.18"]
[White "Kaczmarska, Joanna"]
[Black "Trusz, Julia"]
[Result "0-1"]
[WhiteTitle "k"]
[BlackTitle "I"]
[WhiteElo "1876"]
[BlackElo "1510"]

1. d4 d5 2. c4 e6 3. Nc3 Nf6 4. cxd5 exd5 5. Bg5 Be7 6. e3 Nbd7 7. Bd3 c6 8. Qc2
Nh5 9. Bxe7 Qxe7 10. Nge2 g6 11. h3 Ng7 12. O-O-O Nb6 13. g4 f5 14. Nf4 g5 15.
Ng2 fxg4 16. hxg4 Bxg4 17. Rdg1 h5 18. e4 dxe4 19. Re1 O-O-O 20. Bxe4 Qc7 21.
Ne3 Be6 22. Rhg1 g4 23. Rd1 Rhf8 24. Kb1 Kb8 25. b3 Qf4 26. Rg2 Qf6 27. Ne2 Bf5
28. Nxf5 Nxf5 29. Rh2 Nxd4 30. Nxd4 Rxd4 31. Rxh5 Qxf2 32. Bf5 Qxc2+ 33. Kxc2
Rxd1 34. Kxd1 Nd5 35. Kd2 g3 36. Rg5 g2 37. Be4 Rf2+ 38. Kd3 Rxa2 39. Bxd5 cxd5
40. Kd4 Rb2 41. Kc5 a6 42. Kxd5 Rxb3 43. Rxg2 Ka7 44. Kc4 Rb1 45. Rg6 Rb6 46.
Rg5 Rc6+ 47. Kb4 Kb6 48. Rh5 Rd6 49. Rh4 a5+ 50. Ka4 Ka6 51. Rh5 b5+ 52. Kb3 a4+
53. Kb4 Rd4+ 54. Kc5 Rc4+ 55. Kd6 Ka5 56. Rh1 a3 57. Ra1 Ka4 58. Kd5 Rc2 59. Kd4
b4 60. Rh1 a2 0-1

[Event "Druzynowe Mistrzostwa Polski Juniorow - Ekstraliga"]
[Site "Centrum Wypoczynkowo-Szkoleniowe Gwarek, Ustron"]
[Date "1899-12-30"]
[Round "7.19"]
[White "Koitka, Jakub"]
[Black "Jarmula, Lukasz"]
[Result "0-1"]
[WhiteTitle "I++"]
[BlackTitle "FM"]
[WhiteElo "2072"]
[BlackElo "2395"]

1. e4 c5 2. Nf3 d6 3. Bb5+ Nd7 4. b3 a6 5. Bxd7+ Bxd7 6. Bb2 e5 7. O-O Nf6 8. d3
g6 9. Nbd2 b5 10. a4 Bg7 11. axb5 axb5 12. Rxa8 Qxa8 13. Qa1 Qc6 14. Qa7 O-O 15.
Ra1 Bc8 16. Nf1 Bb7 17. Qa5 Nh5 18. Ne3 Nf4 19. Nd5 Nxd5 20. exd5 Qxd5 21. Qxb5
Ba8 22. Qc4 Qb7 23. Re1 Qa7 24. Ng5 h6 25. Ne4 Qb7 26. f3 d5 27. Nxc5 dxc4 28.
Nxb7 Bxb7 29. bxc4 f6 30. Bc3 Ra8 31. Rb1 Bc6 32. Kf2 Ra2 33. Rb2 Rxb2 34. Bxb2
Bf8 35. Bc1 Kf7 36. Ke2 g5 37. g4 f5 38. h3 Kg6 39. Bb2 Bg7 40. Ba3 h5 41. Kf2
fxg4 42. fxg4 h4 43. c3 e4 44. d4 e3+ 45. Kxe3 Bg2 46. Bd6 Bxh3 47. Kf3 Bf1 48.
c5 Bc4 49. Kg2 Kf7 50. Kh3 Ke6 51. Bc7 Bf6 52. Bb8 Kd5 53. Bd6 Bb5 54. Bc7 Kc4
55. Ba5 Bd7 56. Bb6 Bc6 57. Ba5 Bf3 0-1

[Event "Druzynowe Mistrzostwa Polski Juniorow - Ekstraliga"]
[Site "Centrum Wypoczynkowo-Szkoleniowe Gwarek, Ustron"]
[Date "1899-12-30"]
[Round "7.20"]
[White "Mucha, Piotr"]
[Black "Delekta, Filip"]
[Result "1-0"]
[WhiteTitle "k"]
[BlackTitle "I++"]
[WhiteElo "2215"]
[BlackElo "2110"]

1. e4 e6 2. d4 c5 3. Nf3 cxd4 4. Nxd4 Nc6 5. Nc3 Qc7 6. Be3 Nf6 7. Be2 a6 8. O-O
b5 9. Nxc6 dxc6 10. f4 b4 11. Na4 c5 12. Bf3 Bd7 13. c4 Rd8 14. Qc2 h5 15. h3
h4 16. a3 a5 17. axb4 axb4 18. Qf2 Nh5 19. Nxc5 Bxc5 20. Bxc5 Qxf4 21. Bxb4 Ng3
22. Qc5 Qf6 23. Bh5 Nxf1 24. Rxf1 Rc8 25. Qd6 Rc6 26. Qd1 Qxf1+ 27. Kxf1 Rh6 28.
Bxf7+ Kd8 29. e5 Rxc4 30. Qd6 Rxb4 31. Qxb4 1-0

[Event "Druzynowe Mistrzostwa Polski Juniorow - Ekstraliga"]
[Site "Centrum Wypoczynkowo-Szkoleniowe Gwarek, Ustron"]
[Date "1899-12-30"]
[Round "7.21"]
[White "Chyzy, Jakub"]
[Black "Gazik, Viktor"]
[Result "0-1"]
[WhiteTitle "I"]
[BlackTitle "FM"]
[WhiteElo "1565"]
[BlackElo "2434"]

1. e4 c5 2. Nf3 d6 3. d4 cxd4 4. Nxd4 Nf6 5. Nc3 a6 6. Be3 g6 7. f3 b5 8. Qd2 Bb7
9. O-O-O Nbd7 10. g4 Nb6 11. a3 Rc8 12. h4 h5 13. gxh5 Rxh5 14. Bg5 Bg7 15. Qe3
Qc7 16. Kb1 Nfd7 17. Qf2 Qb8 18. Bh3 Rxc3 19. bxc3 Ne5 20. Ne6 fxe6 21. Qxb6 Nc4
22. Qg1 Qc8 23. Bc1 Nxa3+ 24. Bxa3 Qxc3 25. Qxg6+ Kd8 26. Kc1 Qxa3+ 27. Kd2 Bh6+
28. Ke2 Qe3+ 29. Kf1 Qxf3+ 30. Kg1 Be3+ 0-1

[Event "Druzynowe Mistrzostwa Polski Juniorow - Ekstraliga"]
[Site "Centrum Wypoczynkowo-Szkoleniowe Gwarek, Ustron"]
[Date "1899-12-30"]
[Round "7.22"]
[White "Jobda, Rafal"]
[Black "Dzida, Kamil"]
[Result "0-1"]
[WhiteTitle "II"]
[BlackTitle "II+"]
[WhiteElo "1592"]
[BlackElo "1519"]

1. e4 c5 2. Nf3 e6 3. d4 cxd4 4. Nxd4 a6 5. Bd3 Qc7 6. O-O Nf6 7. Qe2 d6 8. c4
Nbd7 9. f4 b6 10. Nc3 h5 11. h3 Bb7 12. Bd2 Rc8 13. Rae1 h4 14. e5 dxe5 15. fxe5
Bc5 16. exf6 Bxd4+ 17. Kh1 Qg3 18. Ne4 Bxe4 19. Qxe4 Be5 20. Bf4 Bxf4 21. Qxf4
Qxf4 22. Rxf4 Nxf6 23. Kg1 Ke7 24. Kf2 g5 25. Rf3 Rcd8 26. Ke3 Nh5 27. Bc2 Rc8
28. Bb3 Nf4 29. Rf2 Rhd8 30. Rd2 Rxd2 31. Kxd2 Rd8+ 32. Kc2 Nxg2 33. Rg1 Ne3+
34. Kc3 f6 35. Re1 Ng2 36. Rf1 Nf4 37. Rf3 a5 38. Re3 f5 39. Bc2 Kf6 40. b4 g4
41. Re1 Nxh3 42. Bd1 Nf2 43. Be2 Ne4+ 44. Kb3 h3 45. Bf1 Nf2 46. Re2 g3 47. Bxh3
Nxh3 48. bxa5 bxa5 49. Ka4 f4 50. Kb5 f3 51. Re1 f2 0-1

[Event "Druzynowe Mistrzostwa Polski Juniorow - Ekstraliga"]
[Site "Centrum Wypoczynkowo-Szkoleniowe Gwarek, Ustron"]
[Date "1899-12-30"]
[Round "7.23"]
[White "Maruszczak, Joanna"]
[Black "Gazikova, Veronika"]
[Result "1/2-1/2"]
[WhiteTitle "k+"]
[BlackTitle "WFM"]
[WhiteElo "1845"]
[BlackElo "2263"]

1. b3 d5 2. Bb2 Nf6 3. Nf3 e6 4. e3 b6 5. Be2 Bb7 6. O-O Bd6 7. c4 O-O 8. d3 Nbd7
9. Nbd2 c5 10. Qc2 Rc8 11. Rac1 a6 12. Qb1 Qe7 13. Rfd1 b5 14. Qa1 Bb8 15. a3
e5 16. cxd5 Nxd5 17. Re1 Rc6 18. Bf1 Rh6 19. g3 Re8 20. Bg2 N5b6 21. Qb1 f5 22.
h4 Nf6 23. d4 e4 24. Ng5 Nbd7 25. a4 cxd4 26. Bxd4 Ne5 27. Bf1 Neg4 28. Nh3 Nh5
29. axb5 Nxf2 30. Bc4+ Kh8 31. Ng5 Rf8 32. bxa6 Nxg3 33. axb7 Rxh4 34. Nf7+ Rxf7
35. Bxf7 Rh1+ 36. Kxf2 Rh2+ 37. Kg1 Ne2+ 38. Kf1 Ng3+ 39. Kg1 Ne2+ 40. Kf1 Ng3+
41. Kg1 1/2-1/2

[Event "Druzynowe Mistrzostwa Polski Juniorow - Ekstraliga"]
[Site "Centrum Wypoczynkowo-Szkoleniowe Gwarek, Ustron"]
[Date "1899-12-30"]
[Round "7.24"]
[White "Kulpa, Zuzanna"]
[Black "Krzywnicka, Maria"]
[Result "1-0"]
[WhiteTitle "I"]
[BlackTitle "I+"]
[WhiteElo "1589"]
[BlackElo "1564"]

1. d4 d5 2. c4 e6 3. Nc3 Nf6 4. Bg5 Be7 5. e3 c6 6. Nf3 Nbd7 7. Rc1 O-O 8. Bd3
dxc4 9. Bxc4 b5 10. Bd3 Bb7 11. O-O a6 12. Ne4 Nxe4 13. Bxe7 Nxf2 14. Bxh7+ Kh8
15. Rxf2 Qxe7 16. Be4 Nf6 17. Bxc6 Bxc6 18. Rxc6 Nd5 19. e4 Nb4 20. Rc5 Rad8 21.
Qb3 a5 22. Ng5 1-0

[Event "Druzynowe Mistrzostwa Polski Juniorow - Ekstraliga"]
[Site "Centrum Wypoczynkowo-Szkoleniowe Gwarek, Ustron"]
[Date "1899-12-30"]
[Round "7.25"]
[White "Marczuk, Dominik"]
[Black "Niekras, Dawid"]
[Result "1-0"]
[WhiteTitle "k"]
[BlackTitle "k"]
[WhiteElo "2184"]
[BlackElo "2276"]

1. f4 d5 2. Nf3 Nf6 3. g3 g6 4. Bg2 Bg7 5. O-O O-O 6. d3 c5 7. Qe1 d4 8. Na3 Nc6
9. Bd2 Nd5 10. c3 Rb8 11. Nc2 b6 12. Rb1 a5 13. cxd4 cxd4 14. Qf2 Ndb4 15. Nxb4
Nxb4 16. a3 Na6 17. b4 axb4 18. axb4 Nc7 19. Ne5 Bb7 20. b5 Bxg2 21. Qxg2 Bxe5
22. fxe5 Qd5 23. Qf2 Kg7 24. Bg5 Qe6 25. Qxd4 h6 26. Bd2 Rfd8 27. Qf4 g5 28. Qe4
Qd5 29. Qf5 Qe6 30. Qf3 Rd5 31. e4 Rxb5 32. Rbc1 Rc5 33. d4 Rxc1 34. Rxc1 Nb5
35. Qd3 Qd7 36. d5 e6 37. h4 exd5 38. exd5 Nc7 39. d6 Ne6 40. Qf5 Rc8 41. Rf1
Nf8 42. Qf6+ Kg8 43. hxg5 hxg5 44. Qxg5+ Ng6 45. Rf6 Qa4 46. e6 Qd4+ 47. Kh2 Qd3
48. d7 Ra8 49. e7 Qe2+ 50. Kh3 1-0

[Event "Druzynowe Mistrzostwa Polski Juniorow - Ekstraliga"]
[Site "Centrum Wypoczynkowo-Szkoleniowe Gwarek, Ustron"]
[Date "1899-12-30"]
[Round "7.26"]
[White "Mirski, Michal"]
[Black "Golda, Sebastian"]
[Result "1/2-1/2"]
[WhiteTitle "I"]
[BlackTitle "I"]
[WhiteElo "1922"]
[BlackElo "1959"]

1. e4 e5 2. Nf3 Nc6 3. Bc4 Bc5 4. O-O Nf6 5. d3 d6 6. c3 a6 7. Bb3 Ba7 8. Nbd2
O-O 9. h3 h6 10. Re1 Nh5 11. Nc4 Qf6 12. Ne3 Nf4 13. Nd5 Nxd5 14. exd5 Ne7 15.
Be3 Bxe3 16. Rxe3 Nf5 17. Re4 Bd7 18. d4 exd4 19. Nxd4 Nxd4 20. Qxd4 Qxd4 21.
Rxd4 Rfe8 22. Kf1 g6 23. Rb4 b6 24. Re1 Rxe1+ 25. Kxe1 Re8+ 26. Kd2 Re7 27. Ba4
Bc8 28. Rf4 Kg7 29. Bc2 Re5 30. Rd4 f5 31. f4 Re7 32. a4 a5 33. b4 Kf6 34. bxa5
bxa5 35. Bd3 g5 36. fxg5+ hxg5 37. h4 gxh4 38. Rxh4 Ke5 39. c4 Rg7 40. Bf1 Bd7
41. Rh8 Bxa4 42. Ra8 Kd4 43. Rxa5 Bb3 44. Rb5 Rg3 45. Rb4 Ba2 46. Ra4 Bb1 47.
Ra7 Rg7 48. Ke1 Be4 49. Kf2 f4 50. Rb7 Rh7 51. Ra7 Rg7 52. Rb7 Re7 53. Ra7 Rd7
54. c5 1/2-1/2

[Event "Druzynowe Mistrzostwa Polski Juniorow - Ekstraliga"]
[Site "Centrum Wypoczynkowo-Szkoleniowe Gwarek, Ustron"]
[Date "1899-12-30"]
[Round "7.27"]
[White "Korcyl, Patryk"]
[Black "Zajac, Szymon"]
[Result "1-0"]
[WhiteTitle "II"]
[BlackTitle "II"]
[WhiteElo "1342"]
[BlackElo "1405"]

1. Nf3 d5 2. g3 Nf6 3. Bg2 e6 4. O-O Nc6 5. d3 h6 6. Nbd2 Be7 7. e4 O-O 8. e5 Nd7
9. d4 Nb6 10. c3 Na5 11. Ne1 Nac4 12. f4 Ne3 13. Qh5 Nxf1 14. Bxf1 c5 15. Ndf3
cxd4 16. cxd4 Bd7 17. g4 Be8 18. g5 f5 19. g6 Qc7 20. Ng5 Bxg5 21. fxg5 f4 22.
Bd3 Qe7 23. Nf3 Nc4 24. gxh6 gxh6 25. Qxh6 Qg7 26. Qxg7+ Kxg7 27. Ng5 Bd7 28.
Nh7 Rfc8 29. h4 Ne3 30. Nf6 Be8 31. h5 Rc6 32. Kf2 Rac8 33. Bxe3 fxe3+ 34. Kxe3
Kh6 35. Rh1 Rc1 36. Rxc1 Rxc1 37. Nxe8 Rg1 38. Nf6 Rg3+ 39. Kd2 Rg2+ 40. Be2 b6
41. Ne8 a5 42. Nc7 b5 43. Nxb5 a4 44. Nc7 Rg3 45. Nxe6 a3 46. b4 Rb3 47. g7 Rb2+
48. Ke3 Kh7 49. Bd3+ Kh6 50. g8=Q Re2+ 51. Kxe2 1-0

[Event "Druzynowe Mistrzostwa Polski Juniorow - Ekstraliga"]
[Site "Centrum Wypoczynkowo-Szkoleniowe Gwarek, Ustron"]
[Date "1899-12-30"]
[Round "7.28"]
[White "Wikar, Rafal"]
[Black "Szczurek, Krzysztof"]
[Result "0-1"]
[WhiteTitle "II"]
[BlackTitle "I"]
[WhiteElo "1417"]
[BlackElo "1916"]

1. e4 c5 2. Nf3 Nc6 3. d4 cxd4 4. Nxd4 e5 5. Nb3 Nf6 6. Nc3 Bb4 7. Bd3 d6 8. Bd2
Be6 9. a3 Bxb3 10. cxb3 Bc5 11. b4 Bb6 12. O-O O-O 13. Bg5 h6 14. Bh4 Bd4 15.
Bxf6 Qxf6 16. Nd5 Qd8 17. Qd2 Ne7 18. Nxe7+ Qxe7 19. Rac1 Rad8 20. Bc4 Kh8 21.
Kh1 f5 22. f3 f4 23. Qe2 Rf6 24. b5 Rg6 25. a4 Rg5 26. b3 Rh5 27. h3 Qd7 28. Bd5
Be3 29. Rcd1 Rf8 30. Bc4 Rf6 31. Rb1 Rg6 32. Qa2 Rxg2 33. Qxg2 Rxh3+ 34. Qh2 Rxh2+
35. Kxh2 Qe7 36. Rb2 Qg5 37. Kh1 Qe7 38. Bd5 Qc7 39. Rg2 g5 40. Rh2 Kg7 41. Rg2
Qc8 42. Kh2 Kf6 43. Re1 h5 44. Kh1 Qh3+ 45. Rh2 Qxf3+ 46. Rg2 h4 47. Kh2 h3 48.
Rge2 Qg3+ 49. Kh1 f3 0-1

[Event "Druzynowe Mistrzostwa Polski Juniorow - Ekstraliga"]
[Site "Centrum Wypoczynkowo-Szkoleniowe Gwarek, Ustron"]
[Date "1899-12-30"]
[Round "7.29"]
[White "Marczuk, Anna"]
[Black "Leczek, Weronika"]
[Result "1/2-1/2"]
[WhiteTitle "k"]
[BlackTitle "I"]
[WhiteElo "1969"]
[BlackElo "1655"]

1. Nf3 d5 2. g3 c5 3. Bg2 g6 4. O-O Bg7 5. d3 Nf6 6. Nbd2 d4 7. Nc4 Nc6 8. e4 O-O
9. a4 Be6 10. Na3 h6 11. Nh4 Qd7 12. f4 Bh3 13. Nc4 Bxg2 14. Kxg2 Ne8 15. f5 g5
16. Nf3 Nd6 17. Nfd2 Nxc4 18. Nxc4 Bf6 19. Qh5 Kg7 20. Bd2 Rh8 21. Rae1 Ne5 22.
Nxe5 Bxe5 23. h4 Rag8 24. b3 Kf8 25. hxg5 hxg5 26. Qg4 f6 27. Rh1 b6 28. Rh5 Qe8
29. Reh1 Rxh5 30. Rxh5 Qf7 31. Qh3 Ke8 32. g4 a5 33. Be1 Kd7 34. Bg3 Bxg3 35.
Qxg3 Qf8 36. Qh2 Qb8 37. Rh7 Qxh2+ 38. Kxh2 Kd6 39. Kg3 Re8 40. Kf3 Rd8 41. Rh5
Re8 1/2-1/2

[Event "Druzynowe Mistrzostwa Polski Juniorow - Ekstraliga"]
[Site "Centrum Wypoczynkowo-Szkoleniowe Gwarek, Ustron"]
[Date "1899-12-30"]
[Round "7.30"]
[White "Slusarczyk, Milena"]
[Black "Dylag, Emilia"]
[Result "0-1"]
[WhiteTitle "I"]
[BlackTitle "I"]
[WhiteElo "1241"]
[BlackElo "1602"]

1. e4 c6 2. h3 d5 3. exd5 cxd5 4. d4 Nc6 5. Nf3 g6 6. Be2 Bg7 7. O-O Nh6 8. Be3
Nf5 9. Nc3 O-O 10. Qd2 Nxe3 11. fxe3 h6 12. a3 Be6 13. Bd3 Rc8 14. Rae1 Na5 15.
Ne2 Nc4 16. Bxc4 Rxc4 17. c3 Qd6 18. Nc1 Bf5 19. Nd3 Bxd3 20. Qxd3 Rc7 21. Rf2
a6 22. Kh1 b5 23. Nd2 e5 24. Nb3 f5 25. Ref1 e4 26. Qe2 Bf6 27. Nc5 Bh4 28. Rf4
Bg3 29. R4f2 Bxf2 30. Qxf2 g5 31. g3 Rcf7 32. Rg1 Kh7 33. h4 gxh4 34. gxh4 Rg7
35. Rg2 Rxg2 36. Qxg2 Rg8 37. Qf2 Kg6 38. h5+ Kf6 39. Qh4+ Rg5 40. Qh3 Qc6 41.
Qh2 Kf7 42. Qh3 Kg8 43. Qh2 Qe8 44. Qf4 Qxh5+ 45. Qh2 Qd1+ 0-1